| 000 | 00588cam a2200181 a 4500 | ||
|---|---|---|---|
| 001 | 000007161 | ||
| 005 | 20200929154101.0 | ||
| 008 | 920605s1988 cu a 001 0 spa | ||
| 040 |
_aDO-SdBNP _cDLC |
||
| 082 |
_a927.72 _bG993D |
||
| 100 | 1 |
_aDepestre Catony, Leonardo, _d1953- _919884 |
|
| 245 | 1 | 0 |
_aAdolfo Guzmán : _bapuntes y testimonios / _cLeonardo Depestre Catony. |
| 260 |
_aSantiago, (Cuba) : _bOriente, _c1988. |
||
| 300 |
_a54 p. : _bil. ; _c19 cm. |
||
| 600 | 1 | 0 |
_aGUZMÁN, ADOLFO, _d1943- _q(Adolfo Guzmán Arenas) _919885 |
| 910 | _aCatalogación por copia / LC | ||
| 049 | _aBNGR | ||
| 999 |
_c6942 _d6942 |
||